000 00962nam a2200229Ia 4500
999 _c37874
_d37874
001 3852
003 GE_BSU
005 20190813164036.0
008 181216s1975||||ge |||||||||||||| ||geo||
040 _cGE_BSU
041 _ageo
080 _a171 ბ–23
100 _aბანძელაძე, გ.
_93556
245 _aსინდისის ცნება მარქსისტულ ეთიკაში :
_bნაწ .1 /
_cსაქ. სსრ მეცნ. აკად., ფილოსოფიის ინ-ტი.
264 _aთბილისი :
_bმეცნიერება,
_c1975.
300 _a118 გვ. ;
_b21 სმ.
546 _aრეზ. რუს. და ინგლ. ენ.
653 _aსინდისი
653 _aმარქსისტული ეთიკა
710 _aსაქ. სსრ მეცნ. აკად., ფილოსოფიის ინ-ტი.
_93557
942 _cBK
_2udc